00644cam a2200193u 450000100060000000300080000600500170001400800390003103500190007004000240008904100080011308200240012111000550014524500830020026000470028330000440033065000280037471000480040228033BD-RjUL20211209051230.0140329s1967 pk 000 0 eng a(BD-RjUL)28114 aDLCcCarPdDLCbeng aeng a343.09547bPAK 19671 aPakistan.kLaws, statutes, etc. [from old catalog]14aThe Pakistan penal code (XLV of 1860) as modified up to the 6th August, 1966 / aKarachi :bManager of Publications,c1967. a2, ii, 166 p. ; c25 cm. 0aCriminal lawzPakistan.1 aPakistan.bLaw Division. [from old catalog]